| Поле | Инд. | ПП | Название | Значение |
|---|---|---|---|---|
| Тип записи | a | |||
| Библиографический уровень | a | |||
| 001 | Контрольный номер | 926d8901c22f415daeeab832ea289aa6 | ||
| 005 | Дата корректировки | 20181120134528.6 | ||
| 100 | a | Данные общей обработки | 20180626 ||| 0rusy0189 ca | |
| 101 | 0_ | a | Язык текста | rus |
| 102 | a | Страна публикации | RU | |
| 200 | 1_ | a | Заглавие | Роль прокурора в осуществлении уголовного преследования в досудебных стадиях уголовного судопроизводства |
| f | Первые сведения об ответственности | И.С. Курышов | ||
| 210 | d | Дата издания | 2018 | |
| 461 | _0 | 1 | 2000 | |
| a | Закон и право | |||
| 463 | _0 | 1 | 2000 | |
| a | №1 | |||
| v | С. 87-89 | |||
| 1 | 2101 | |||
| d | 2018 | |||
| 1 | 001cec4e7dcd7724b3e8d6157b60d70c228 | |||
| 606 | a | Основная рубрика | Уголовно-процессуальное право | |
| 610 | 0_ | a | Ключевые слова | УГОЛОВНЫЙ ПРОЦЕСС |
| a | Ключевые слова | УЧАСТНИКИ ПРОЦЕССА | ||
| a | Ключевые слова | ПРОКУРАТУРА | ||
| 700 | _1 | a | Фамилия | Курышов |
| b | Имя | И.С. | ||
| 801 | _0 | a | Страна | RU |
| b | Организация | РГУП | ||
| c | Дата составления | 20180626 | ||
| g | Правила каталогизации | PSBO | ||
| 801 | _1 | a | Страна | RU |
| b | Организация | РГУП | ||
| c | Дата составления | 20180626 | ||
| g | Правила каталогизации | PSBO | ||
| 856 | 4_ | u | URL | https://rucont.ru/efd/638647 |
| 901 | t | Тип документа | b | |
| w | Контрольный № источника | cec4e7dcd7724b3e8d6157b60d70c228 | ||
| 905 | a | Дата ввода | 20180626 |